Gratitud y educación : otra forma de enseñar, aprender y vivir /
Tallennettuna:
| Päätekijä: | |
|---|---|
| Muut tekijät: | |
| Aineistotyyppi: | Elektroninen E-kirja |
| Kieli: | espanja englanti |
| Julkaistu: |
Madrid :
Narcea, S. A. de Ediciones,
[2020]
|
| Sarja: | Educación hoy (Narcea (Firm))
|
| Aiheet: | |
| Linkit: | Digitalia Hispánica |
| Tagit: |
Lisää tagi
Ei tageja, Lisää ensimmäinen tagi!
|
MARC
| LEADER | 00000nam a2200000Ii 4500 | ||
|---|---|---|---|
| 001 | DIGNARCEA0423 | ||
| 003 | NyNyDIG | ||
| 006 | m o d | ||
| 007 | cr ||||||||||| | ||
| 008 | 220223s2020 sp ob 000 0 spa d | ||
| 035 | |a (OCoLC)1319852322 | ||
| 040 | |a DGITA |b eng |e rda |e pn |c DGITA | ||
| 020 | |a 9788427726918 |q eBook |q ePdf | ||
| 020 | |a 9788427726925 |q eBook |q ePub | ||
| 020 | |z 9788427726901 |z Papel | ||
| 041 | 1 | |a spa |h eng | |
| 050 | 1 | 4 | |a BF575.G68 ebook |
| 082 | 0 | 4 | |a 179.9 |
| 100 | 1 | |a Griffith, Owen M., |e author. | |
| 240 | 1 | 0 | |a Gratitude. |l Spanish |s (Valle Caraballo) |
| 245 | 1 | 0 | |a Gratitud y educación : |b otra forma de enseñar, aprender y vivir / |c Owen M. Griffith ; traducción, Carlos del Valle Caraballo. |
| 264 | 1 | |a Madrid : |b Narcea, S. A. de Ediciones, |c [2020] | |
| 300 | |a 1 online resource. | ||
| 336 | |a text |b txt |2 rdacontent | ||
| 337 | |a computer |b c |2 rdamedia | ||
| 338 | |a online resource |b cr |2 rdacarrier | ||
| 347 | |a text file |2 rdaft | ||
| 347 | |b PDF | ||
| 490 | 1 | |a Colección Educación hoy | |
| 504 | |a Includes bibliographical references. | ||
| 588 | 0 | |a Online resource; title from PDF title page (Digitalia, viewed February 23, 2022) | |
| 650 | 0 | |a Gratitude. | |
| 655 | 0 | |a Electronic books. | |
| 700 | 1 | |a Valle Caraballo, Carlos del, |e translator. | |
| 700 | 1 | |i Translation of: |a Griffith, Owen M. |t Gratitude. | |
| 791 | 2 | |a Digitalia (Firm), |e distributor. | |
| 793 | 0 | |g Digitalia eBook Collection: |a Narcea Ediciones | |
| 776 | 0 | 8 | |i Print version: |a Griffith, Owen M. |s Gratitude. Spanish (Valle Caraballo). |t Gratitud y educación. |d Madrid : Narcea, S. A. de Ediciones, [2020] |z 9788427726901 |
| 830 | 0 | |a Educación hoy (Narcea (Firm)) | |
| 856 | 4 | 0 | |3 Digitalia Hispánica |u https://digitalia.unach.elogim.com/a/67318/ |
| 910 | |a Premium collection: 2022 | ||